000 00534nam a2200181Ia 4500
008 100920s9999 xx 000 0 und d
082 _b73907
_a491.462 थ 99
100 _aपाटील विश्वास.
245 _aरणांगण.
260 _bमॅजेस्टिक प्रकाशन, मुंबई.
_c1999
300 _a91
_bसाधी
365 _b70
520 _aनाटक.
630 _aरणांगण.
650 _aनाटक.
730 _aरणांगण.
942 _cBOOK
999 _c715540
_d715537